000 00334nam a2200145 i 4500
001 bg
100 1 _aBAGIŃSKI, Zdzisław
245 0 _aKrólestwo Szwecji /
_cZdzisław Bagiński.
260 _aWarszawa,
_c1978.
040 _cBPK
041 _apol
080 _a308(485)
942 _cKS
008 s pl f |000 0 pol
999 _c9725
_d9725
856 _uhttp://koha.tu.koszalin.pl/cgi-bin/koha/opac-detail.pl?biblionumber=9725
_yKatalog online BPK